<?xml version="1.0" encoding="UTF-8"?>
<record
    xmlns:xsi="http://www.w3.org/2001/XMLSchema-instance"
    xsi:schemaLocation="http://www.loc.gov/MARC21/slim http://www.loc.gov/standards/marcxml/schema/MARC21slim.xsd"
    xmlns="http://www.loc.gov/MARC21/slim">

  <leader>01483nam0a22003131  4500</leader>
  <controlfield tag="001">rc\3706452</controlfield>
  <controlfield tag="005">20260405072058.0</controlfield>
  <datafield tag="021" ind1=" " ind2=" ">
    <subfield code="a">RU</subfield>
    <subfield code="b">[71-64010]</subfield>
  </datafield>
  <datafield tag="035" ind1=" " ind2=" ">
    <subfield code="a">(NLR Aleph) 007856173</subfield>
  </datafield>
  <datafield tag="090" ind1=" " ind2=" ">
    <subfield code="a">7790665</subfield>
    <subfield code="c">7790665</subfield>
  </datafield>
  <datafield tag="100" ind1=" " ind2=" ">
    <subfield code="a">20130115d1971    |||y0rusy50      ca</subfield>
  </datafield>
  <datafield tag="101" ind1="0" ind2=" ">
    <subfield code="a">rus</subfield>
  </datafield>
  <datafield tag="102" ind1=" " ind2=" ">
    <subfield code="a">RU</subfield>
  </datafield>
  <datafield tag="105" ind1=" " ind2=" ">
    <subfield code="a">a   j   |||h|</subfield>
  </datafield>
  <datafield tag="200" ind1="1" ind2=" ">
    <subfield code="a">&#x420;&#x430;&#x437;&#x432;&#x438;&#x442;&#x438;&#x435; &#x440;&#x435;&#x447;&#x438;</subfield>
    <subfield code="e">&#x423;&#x447;&#x435;&#x431;&#x43D;&#x438;&#x43A; &#x434;&#x43B;&#x44F; 3 &#x43A;&#x43B;. &#x448;&#x43A;&#x43E;&#x43B; &#x433;&#x43B;&#x443;&#x445;&#x438;&#x445;</subfield>
  </datafield>
  <datafield tag="205" ind1=" " ind2=" ">
    <subfield code="a">4-&#x435; &#x438;&#x437;&#x434;.</subfield>
  </datafield>
  <datafield tag="210" ind1=" " ind2=" ">
    <subfield code="a">&#x41C;&#x43E;&#x441;&#x43A;&#x432;&#x430;</subfield>
    <subfield code="c">&#x41F;&#x440;&#x43E;&#x441;&#x432;&#x435;&#x449;&#x435;&#x43D;&#x438;&#x435;</subfield>
    <subfield code="d">1971</subfield>
  </datafield>
  <datafield tag="215" ind1=" " ind2=" ">
    <subfield code="a">331 &#x441;., 8 &#x43B;. &#x438;&#x43B;.</subfield>
    <subfield code="c">&#x438;&#x43B;.</subfield>
    <subfield code="d">22</subfield>
  </datafield>
  <datafield tag="300" ind1=" " ind2=" ">
    <subfield code="a">&#x41D;&#x430; &#x43F;&#x435;&#x440;. &#x430;&#x432;&#x442;. &#x43D;&#x435; &#x443;&#x43A;&#x430;&#x437;&#x430;&#x43D;</subfield>
  </datafield>
  <datafield tag="311" ind1=" " ind2=" ">
    <subfield code="a">&#x41F;&#x440;&#x438;&#x43B;.: &#x414;&#x438;&#x434;&#x430;&#x43A;&#x442;&#x438;&#x447;&#x435;&#x441;&#x43A;&#x438;&#x439; &#x43C;&#x430;&#x442;&#x435;&#x440;&#x438;&#x430;&#x43B; &#x43F;&#x43E; &#x440;&#x430;&#x437;&#x432;&#x438;&#x442;&#x438;&#x44E; &#x440;&#x435;&#x447;&#x438; &#x432; 3 &#x43A;&#x43B;&#x430;&#x441;&#x441;&#x435; &#x448;&#x43A;&#x43E;&#x43B; &#x433;&#x43B;&#x443;&#x445;&#x438;&#x445;</subfield>
  </datafield>
  <datafield tag="421" ind1=" " ind2="0">
    <subfield code="1">1010#$arus</subfield>
    <subfield code="1">2001#$a&#x414;&#x438;&#x434;&#x430;&#x43A;&#x442;&#x438;&#x447;&#x435;&#x441;&#x43A;&#x438;&#x439; &#x43C;&#x430;&#x442;&#x435;&#x440;&#x438;&#x430;&#x43B; &#x43F;&#x43E; &#x440;&#x430;&#x437;&#x432;&#x438;&#x442;&#x438;&#x44E; &#x440;&#x435;&#x447;&#x438; &#x432; 3 &#x43A;&#x43B;&#x430;&#x441;&#x441;&#x435; &#x448;&#x43A;&#x43E;&#x43B; &#x433;&#x43B;&#x443;&#x445;&#x438;&#x445;</subfield>
    <subfield code="1">215##$a92 &#x441;.$c&#x438;&#x43B;.</subfield>
    <subfield code="t">&#x414;&#x438;&#x434;&#x430;&#x43A;&#x442;&#x438;&#x447;&#x435;&#x441;&#x43A;&#x438;&#x439; &#x43C;&#x430;&#x442;&#x435;&#x440;&#x438;&#x430;&#x43B; &#x43F;&#x43E; &#x440;&#x430;&#x437;&#x432;&#x438;&#x442;&#x438;&#x44E; &#x440;&#x435;&#x447;&#x438; &#x432; 3 &#x43A;&#x43B;&#x430;&#x441;&#x441;&#x435; &#x448;&#x43A;&#x43E;&#x43B; &#x433;&#x43B;&#x443;&#x445;&#x438;&#x445;</subfield>
  </datafield>
  <datafield tag="606" ind1=" " ind2=" ">
    <subfield code="a">&#x420;&#x435;&#x447;&#x44C;</subfield>
    <subfield code="x">&#x420;&#x430;&#x437;&#x432;&#x438;&#x442;&#x438;&#x435; &#x443; &#x433;&#x43B;&#x443;&#x445;&#x438;&#x445; &#x434;&#x435;&#x442;&#x435;&#x439;</subfield>
    <subfield code="2">psbo</subfield>
  </datafield>
  <datafield tag="606" ind1=" " ind2=" ">
    <subfield code="a">&#x420;&#x443;&#x441;&#x441;&#x43A;&#x438;&#x439; &#x44F;&#x437;&#x44B;&#x43A;</subfield>
    <subfield code="j">&#x423;&#x447;&#x435;&#x431;&#x43D;&#x438;&#x43A;&#x438; &#x438; &#x43F;&#x43E;&#x441;&#x43E;&#x431;&#x438;&#x44F; &#x434;&#x43B;&#x44F; &#x433;&#x43B;&#x443;&#x445;&#x438;&#x445;</subfield>
    <subfield code="2">psbo</subfield>
  </datafield>
  <datafield tag="700" ind1=" " ind2="1">
    <subfield code="4">220</subfield>
    <subfield code="8">rus</subfield>
    <subfield code="7">ca</subfield>
    <subfield code="a">&#x41A;&#x43E;&#x43C;&#x430;&#x440;&#x43E;&#x432;</subfield>
    <subfield code="b">&#x41A;.&#x412;.</subfield>
    <subfield code="c">&#x441;&#x443;&#x440;&#x434;&#x43E;&#x43F;&#x435;&#x434;&#x430;&#x433;&#x43E;&#x433;</subfield>
    <subfield code="g">&#x41A;&#x43E;&#x43D;&#x441;&#x442;&#x430;&#x43D;&#x442;&#x438;&#x43D; &#x412;&#x430;&#x441;&#x438;&#x43B;&#x44C;&#x435;&#x432;&#x438;&#x447;</subfield>
    <subfield code="3">RU\NLR\auth\7724814</subfield>
    <subfield code="9">7864</subfield>
  </datafield>
  <datafield tag="801" ind1=" " ind2="0">
    <subfield code="a">RU</subfield>
    <subfield code="b">NLR</subfield>
    <subfield code="g">psbo</subfield>
  </datafield>
  <datafield tag="801" ind1=" " ind2="1">
    <subfield code="a">RU</subfield>
    <subfield code="b">ELAR</subfield>
    <subfield code="2">rusmarc</subfield>
  </datafield>
  <datafield tag="852" ind1=" " ind2=" ">
    <subfield code="a">NLR</subfield>
    <subfield code="j">71-5/3759</subfield>
  </datafield>
  <datafield tag="942" ind1=" " ind2=" ">
    <subfield code="c">BOOK</subfield>
  </datafield>
  <datafield tag="980" ind1=" " ind2=" ">
    <subfield code="a">NB</subfield>
  </datafield>
  <datafield tag="995" ind1=" " ind2=" ">
    <subfield code="5">2013-10-26</subfield>
    <subfield code="b">NLR01</subfield>
    <subfield code="c">NLR01</subfield>
    <subfield code="e">RF31</subfield>
    <subfield code="f">7856173-10</subfield>
    <subfield code="k">71-5/3759</subfield>
    <subfield code="o">0</subfield>
    <subfield code="r">BOOK</subfield>
    <subfield code="s">7153759_</subfield>
  </datafield>
</record>
